00187nam a2200085Ia 4500008004100000100001500041245002200056260001400078260000900092170617s9999 xx 000 0 und d aIngold-C.K 0aOrganic Chemistry bC B S Pub c1994